Catálogo

El sentido religioso / (Registro nro. 48493)

Detalles MARC
000 -LEADER
fixed length control field 01439cam a2200385 i 4500
001 - CONTROL NUMBER
control field 48493
003 - CONTROL NUMBER IDENTIFIER
control field Mx-PuUPA
005 - DATE AND TIME OF LATEST TRANSACTION
control field 20251124162920.0
008 - FIXED-LENGTH DATA ELEMENTS--GENERAL INFORMATION
fixed length control field 140415s2008 sp gr 001 0 spa d
020 ## - INTERNATIONAL STANDARD BOOK NUMBER
International Standard Book Number 9788474909401
040 ## - CATALOGING SOURCE
Transcribing agency Mx-PuUPA
Original cataloging agency Mx-PuUPA
Language of cataloging spa
Modifying agency Mx-PuUPA
Description conventions rda
041 1# - LANGUAGE CODE
Language code of text/sound track or separate title spa
Language code of original ita
100 1# - MAIN ENTRY--PERSONAL NAME
Personal name Giussani, Luigi,
Dates associated with a name 1922-2005,
9 (RLIN) 1679
Relator term autor
240 13 - UNIFORM TITLE
Uniform title Il senso religioso.
Language of a work Español
245 13 - TITLE STATEMENT
Title El sentido religioso /
Statement of responsibility, etc. Luigi Giussani ; prefacio a la edición de 2008, Francisco Javier Martínez ; tradicción de José Miguel Oriol con la colaboración de Cesare Zafanella y José Miguel García
250 ## - EDITION STATEMENT
Edition statement 10a edición /
Remainder of edition statement noviembre
264 #1 - PRODUCTION, PUBLICATION, DISTRIBUTION, MANUFACTURE, AND COPYRIGHT NOTICE
Place of production, publication, distribution, manufacture Madrid, España :
Name of producer, publisher, distributor, manufacturer Ediciones Encuentro,
Date of production, publication, distribution, manufacture, or copyright notice 2008
300 ## - PHYSICAL DESCRIPTION
Extent Paginación varia ;
Dimensions 23 cm
336 ## - CONTENT TYPE
Fuente rdacontent
Content type term texto
Content type code txt
337 ## - MEDIA TYPE
Source rdamedia
Media type term sin medio
Media type code n
338 ## - CARRIER TYPE
Source rdacarrier
Carrier type term volumen
Carrier type code nc
490 0# - SERIES STATEMENT
Series statement Curso Básico de Cristianismo ;
Volume/sequential designation 1
490 0# - SERIES STATEMENT
Series statement Religión ;
Volume/sequential designation 364
650 #7 - SUBJECT ADDED ENTRY--TOPICAL TERM
Source of heading or term armarc
Topical term or geographic name entry element Religión
650 #7 - SUBJECT ADDED ENTRY--TOPICAL TERM
Source of heading or term armarc
Topical term or geographic name entry element Cristianismo
650 #7 - SUBJECT ADDED ENTRY--TOPICAL TERM
Source of heading or term armarc
Topical term or geographic name entry element Fe y razón
700 1# - ADDED ENTRY--PERSONAL NAME
Personal name Martínez, Francisco Javier,
Relator term autor de prefacio
700 1# - ADDED ENTRY--PERSONAL NAME
Personal name Oriol, José Miguel,
Relator term traductor
700 1# - ADDED ENTRY--PERSONAL NAME
Personal name Zaffanella, Cesare,
Relator term traductor
700 1# - ADDED ENTRY--PERSONAL NAME
Personal name García, José Miguel,
Relator term traductor
765 0# - ORIGINAL LANGUAGE ENTRY
Main entry heading Giussani, Luigi
Title Il senso religioso
942 ## - ADDED ENTRY ELEMENTS (KOHA)
Source of classification or shelving scheme Dewey Decimal Classification
Koha item type Libro
Classification part 200
Item part G5318
Existencias
Withdrawn status Lost status Source of classification or shelving scheme Damaged status Not for loan Collection code Home library Current library Shelving location Date acquired Source of acquisition Serial Enumeration / chronology Total Checkouts Full call number Barcode Date last seen Price effective from Koha item type
    Dewey Decimal Classification     General Centro de Estudios en Ciencia y Religión Centro de Estudios en Ciencia y Religión Sala general 15/11/2025 Compra v.1   200 G5318 2008 86416 05/01/2026 15/11/2025 Libro